000 01308nam a2200313 4500
001 179093
003 ES-MaACL
005 20250825113057.0
008 110907s2010 sp |||| |dspa d
020 _a978-84-92827-40-4 (Sociedad Estatal de Conmemoraciones Culturales)
020 _a978-84-92820-12-2 (Marcial Pons Historia)
080 _a308-054.7(=1.460:443.61 P.)"18/19"
245 0 0 _aParís, ciudad de acogida
_b: el exilio español durante los siglos XIX y XX /
_cFernando Martínez López, Jordi Canal, Encarnación Lemus (eds.).
260 _aMadrid :
_bSociedad Estatal de Conmemoraciones Culturales :
_bMarcial Pons Historia,
_c2010.
300 _a413 p. ;
_c22 cm.
490 1 _aEstudios
500 _aÍndice onomástico.
650 0 7 _aExiliados españoles-
_zFrancia.
_912670
650 7 _aExiliados españoles-
_zParís
_2
_9147856
700 1 _aMartínez López, Fernando,
_d1949-
_9143395
700 1 _aCanal i Morell, Jordi.
_9147857
700 1 _aLemus López, Encarnación.
_971505
710 2 _aSociedad Estatal de Conmemoraciones Culturales (España)
_9134893
830 0 _aEstudios
_9177349
852 _aES-MaACL
_9185963
_bR.145936
_jA-11480
_dOlim: N-4484
_cDEPO1
942 _2udc
_cMONOGRAFIA
999 _c179093
_d179093